000 00788nam a22002177a 4500
003 0
005 20160609171240.0
008 130327t xxu||||| |||| 00| 0 eng d
020 _a2-257-18547-8
040 _aBUAC
_bFre
_cBFSS
100 _aKasper, Dennis L.
_922603
245 _aHarrison principes en médecine interne/
_cCoord. pae Dennis L. Kasper...
_hEugène Brauwald, Anthony S. Fauci, Stephen L. Hausser,...(et al)
250 _a16 èd
260 _aParis
_bFlammarion Médecine-sciences
_c2006
300 _aXXVII- 2293p.
_bill.,couv.ill. en coul.
_c27cm
500 _aTrad. de <<Harrison's principles of internal medecine>>
504 _aRéf.bibliogr.Index
653 _aMédecine interne
700 _aBraunwald, Eugène; Fauci, Anthony
_bHauser, stephen
_922604
999 _c50450
_d50450